000 00281nam a22001337a 4500
003 SGT
082 _a615.53
_bY15S
100 _aSASTRI,VAIDYA LAXMIPATI
245 _aYOGARATNAM
260 _aVARANASI
_bCHAUKHAMBHA
_c2015
300 _a504
650 _aAYURVEDA
942 _2ddc
_cBK
_05
999 _c8450
_d8450